Informe de la calidad del aireen Colombia 2007-2010 (Registro nro. 7567)

Detalles MARC
000 -CABECERA
Campo de control 00624nam a22002057a 4500
005 - FECHA Y HORA DE LA ULTIMA TRANSACCION
Campo de control 20130814151410.0
008 - ELEMENTOS DE LONGITUD FIJA—INFORMACION GENERAL
Campo de control 130814b2012 ck ||||| |||| 00| 0 spa d
020 ## - ISBN
ISBN 9789588067568
041 ## - IDIOMA
Código de idioma para texto/pista de sonido o título separado Español
044 ## - PAÍS DE PUBLICACIÓN
País de publicación Colombia
082 ## - NUMERO DE CLASIFICACION DECIMAL DEWEY
Número de clasificación 628.53
Número del ítem I193i
110 10 - ASIENTO PRINCIPAL--NOMBRE CORPORATIVO
Nombre corporativo o de jurisdicción como elemento de entrada IDEAM
245 10 - MENCION DE TITULO
Título Informe de la calidad del aireen Colombia 2007-2010
Mención de responsabilidad IDEAM
260 ## - PUBLICACION, DISTRIBUCION, ETC. (PIE DE IMPRENTA)
Lugar de publicación, distribución, etc. Bogotá
Nombre del editor, distribuidor, etc. IDEAM
Fecha de publicación, distribución, etc. 2012
300 ## - DESCRIPCION FISICA
Extensión 291 p.
Otros detalles físicos il., tablas
Dimensiones 28 cm.
504 ## - NOTA DE BIBLIOGRAFIA, ETC.
Nota de bibliografía Incluye referencias bibliográficas, glosario e índice
650 ## - ASIENTO SECUNDARIO DE MATERIA - TERMINO TEMATICO
Término temático o nombre geográfico como elemento de entrada Calidad del aire
Subdivisión geográfica Colombia
650 ## - ASIENTO SECUNDARIO DE MATERIA - TERMINO TEMATICO
Término temático o nombre geográfico como elemento de entrada Contaminación del aire
Subdivisión geográfica Colombia
942 ## - ELEMENTOS ADICIONALES (KOHA)
Sistema de clasificación Dewey Decimal Classification
Tipo de ítem Impreso
Existencias
Withdrawn status Lost status Sistema de Clasificación Damaged status No para préstamo Colección Inventariado Ubicación Permanente Ubicación actual Fecha de adquisición Fuente de Valor Valor Total Checkouts Número topográfico Inventario / Código de Barras Date last seen Ejemplar Price effective from Forma de adquisición Tipo de material
    Dewey Decimal Classification     General Inventariado 2017 Sala Fabio Quevedo Sala Fabio Quevedo 14/08/2013 Instituto 39000.00   LB 628.53 I193i 058356 14/08/2013 Ej. 1 14/08/2013   Libro